000 00892nam a22002897a 4500
003 CHAP
005 20220329135528.0
008 971013s1977 r 00010 d
010 _a38091
011 _a39063
035 _a43183
040 _cCHAP
090 _aTesis
100 0 0 _aMiranda Espinosa de los Monteros, Alfonso.
_976071
245 _aPorcentaje de efectividad del tratamiento con acupuntura
260 _aMéxico, D.F. :
_bEl autor,
_c1977
300 _a48 h
502 _aTesis (Médico Veterinario Zootecnista) -- UNAM. Fac. de Medicina Veterinaria y Zootecnia
590 _aALEPH
_b10
_c20130110
_lUCH01
_h1303
590 _aBATCH-UPD
_b10
_c20130110
_lUCH01
_h1129
590 _aCONVERSION
_b10
_c20130109
_lUCH01
_h1321
650 1 4 _aAcupuntura.
_9813
650 1 4 _aVeterinaria.
_9118987
901 _aBK
942 _cTESIS
949 _bBC
_cTES
_d-99129
_eTS1
_i43183
_si
999 _c38091
_d38091